| 000 | 00536nam a2200181Ia 4500 | ||
|---|---|---|---|
| 008 | 230718s9999 xx 000 0 und d | ||
| 020 | _a9789351072546 | ||
| 041 | _aeng | ||
| 082 |
_a345.064 _bCAS |
||
| 100 | _aCasey E. | ||
| 245 |
_aDigital Evidence And Computer Crime _bForensic Science, Computer And The Internet |
||
| 250 | _a3rd ed. | ||
| 260 |
_c2014 _bAcademic Press/Elsevier |
||
| 300 |
_a807 _dRef 1544 C (48698) |
||
| 365 |
_cRs. _b625.00 |
||
| 700 | _aCasey E. | ||
| 906 |
_dO:0405805-Aug-2014B:7330-Jul-2014 _cCOMP _b3900 |
||
| 999 |
_c337508 _d337508 |
||